[Event "Dubai op 6th"]
[Site "Dubai"]
[Date "2004.04.24"]
[Round "6"]
[White "Al Modiahki, Mohamad"]
[Black "Kruppa, Yuri"]
[Result "1-0"]
[WhiteElo "2579"]
[BlackElo "2533"]
[Annotator "Finkel,A"]
[PlyCount "67"]
[EventDate "2004.04.19"]
[EventType "swiss"]
[EventRounds "9"]
[EventCountry "UAE"]
[SourceTitle "CBM 101"]
[Source "ChessBase"]
[SourceDate "2004.07.27"]
[SourceVersion "1"]
[SourceVersionDate "2004.07.27"]
[SourceQuality "1"]

1. e4 e6 2. d4 d5 3. Nc3 Bb4 4. e5 b6 5. a3 Bf8 6. Nf3 c6 7. b4 {It's
interesting that being on the white side of this line Kruppa opted for 7.g3
and managed to get very comfortable advantage.} (7. g3 Ba6 8. Ne2 Qd7 9. Bh3
Ne7 10. O-O Ng6 11. Re1 Be7 12. Bg2 $14 {Kruppa,Y-Alekseev,V/St Petersburg 1996
}) 7... Ne7 8. Bd3 c5 (8... Ba6 9. b5 cxb5 (9... Bxb5 10. Nxb5 cxb5 11. Bxb5+
Nec6 12. h4 a6 13. Bd3 Nd7 14. Qe2 b5 15. c3 $16 {Polzin,R-Tischbierek,R/
Austria 2002}) 10. Nxb5 Nec6 11. a4 h6 12. Ba3 Bxa3 13. Rxa3 O-O 14. O-O Nd7
15. Re1 Qe7 16. Nd6 Bxd3 17. Rxd3 $14 {Pozdniakov,S-Raaste,E/St Petersburg 1996
}) 9. bxc5 bxc5 10. dxc5 Nec6 11. O-O Bxc5 (11... Nd7 12. Bg5 Qa5 13. Nb5 Nxc5
14. c4 Nxd3 15. Qxd3 Ba6 16. Rab1 dxc4 17. Qxc4 Rc8 18. Rfd1 $16) 12. Bg5 Be7 (
12... Qa5) 13. Bxe7 Qxe7 14. Nb5 O-O 15. c4 $1 dxc4 $6 {Careless move after
which black's position deteriorates very fast. It was necessary to try} (15...
a6 $142 16. Nd6 (16. cxd5 exd5 17. Nc3 Be6 18. Qd2 Nd7 19. Rfe1 $14) 16... Nxe5
17. Nxc8 Nxf3+ 18. Qxf3 Rxc8 19. cxd5 Nd7 (19... exd5 $2 20. Qf5 $18) 20. Rfe1
Nc5 21. dxe6 $14) 16. Be4 $1 $16 {[%csl Ra8,Rb8,Rc6,Rc8]} a6 (16... Ba6 17. Qa4
Bxb5 18. Qxb5 Rc8 19. Rfc1 $16) 17. Nd6 Ra7 18. Nxc4 a5 {[%cal Gc8a6]} 19. Qc2
f5 (19... h6 20. Nd6 Rc7 21. Rfc1 $18) 20. exf6 gxf6 21. Nb6 Rc7 22. Rfe1 f5 $2
(22... Qf7) 23. Nxc8 Rfxc8 24. Bxf5 $1 $18 Nd4 25. Nxd4 $5 (25. Bxh7+ Kh8 26.
Qb2 $18) 25... Rxc2 26. Bxe6+ Kh8 27. Bxc8 Ra2 28. Rac1 Qf8 29. Bf5 Nd7 30. Ne6
Qb8 31. Red1 Qe8 32. h4 Re2 33. Rc7 Rxe6 34. Bxe6 1-0

[Event "Pula zt 1.2"]
[Site "Pula"]
[Date "2000.04.12"]
[Round "2"]
[White "Sutovsky, Emil"]
[Black "Zaja, Ivan"]
[Result "0-1"]
[WhiteElo "2597"]
[BlackElo "2452"]
[Annotator "Finkel,A"]
[PlyCount "56"]
[EventDate "2000.04.11"]
[EventType "swiss"]
[EventRounds "11"]
[EventCountry "CRO"]
[SourceTitle "CBM 077"]
[Source "ChessBase"]
[SourceDate "2000.07.27"]
[SourceVersion "1"]
[SourceVersionDate "2000.07.27"]
[SourceQuality "1"]

1. e4 e6 2. d4 d5 3. Nc3 Bb4 4. e5 b6 5. Qg4 Bf8 6. h4 Ba6 $5 {Very tricky
variation,which pays off just perfectly n the game!} (6... h5 $5 7. Qd1 c5 8.
Bg5 Qd7 9. Bb5 Nc6 10. Nge2 a6 11. Bxc6 Qxc6 12. Nf4 cxd4 13. Nce2 Qc7 14. Nd3
$14 {Blatny,P-Psakhis,L/OHRA-B 1989}) 7. Bxa6 Nxa6 8. h5 $5 {Getting some
space on the kingside and intending in the future to push the pawn to h6.} (8.
Qe2 Nb8 9. Bg5 Qd7 10. h5 c5 11. dxc5 bxc5 12. h6 gxh6 13. Bh4 Nc6 $15 {
Luther,T-Vaganian,R/BL9596}) 8... Nb4 9. Qe2 c5 10. Nf3 Nc6 11. dxc5 bxc5 ({
Worse is} 11... Bxc5 12. h6 Nxh6 13. Bxh6 gxh6 14. Rxh6 Qd7 15. O-O-O $14 {
and white has some pressure.}) 12. Bg5 Qd7 13. O-O h6 14. Bf4 Nge7 15. Nb5 $5 (
{Another option was} 15. Rad1 $5 Nc8 16. Ne4 Qb7 17. Ng3 (17. Nd6+ Nxd6 18.
exd6 O-O-O $15 {[%csl Rd6]}) 17... Be7 18. c4 $14 {with slightly better
prospects.}) 15... Nc8 16. c4 d4 17. Rad1 Qb7 18. Qe4 (18. a3 a6 19. Nd6+ Nxd6
20. exd6 Rd8 21. b4 Bxd6 (21... cxb4 $6 22. c5 $1 $36 {[%csl Rf8,Rh8]}) 22.
Bxd6 Rxd6 23. bxc5 Rd7 24. Qe4 $14) 18... a6 19. Nd6+ $2 {Probably white just
missed 20th move of black.After logical} (19. Na3 Rb8 20. b3 Be7 21. Nc2 O-O
22. Rd3 $14 {he would keep better chanses.}) 19... Nxd6 20. exd6 O-O-O $1 $17
21. a3 (21. Be5 $5) 21... Bxd6 22. b4 Na5 $1 23. Qd3 $2 {Despiration!But also
after} (23. Qxb7+ Nxb7 24. Bxd6 Rxd6 (24... Nxd6 25. bxc5 Nxc4 26. Rxd4 Rxd4
27. Nxd4 Rd8 $17) 25. bxc5 Nxc5 26. Rxd4 Rxd4 27. Nxd4 Rd8 28. Nf3 Rd3 $17 {
[%csl Ra3,Rc4] it's hard to believe that white would manage to hold the
arising endgame.}) 23... Bxf4 24. bxa5 Bc7 $19 25. Rb1 Qc6 26. Ne5 Bxe5 27. Rb6
Qa8 28. Rfb1 Bc7 0-1

[Event "New York op"]
[Site "New York"]
[Date "1998.03.20"]
[Round "7"]
[White "Atalik, Suat"]
[Black "Gurevich, Mikhail"]
[Result "1/2-1/2"]
[WhiteElo "2595"]
[BlackElo "2635"]
[Annotator "Finkel,A"]
[PlyCount "103"]
[EventDate "1998.03.16"]
[EventType "swiss"]
[EventRounds "9"]
[EventCountry "USA"]
[SourceTitle "CBM 064"]
[Source "ChessBase"]
[SourceDate "1998.06.02"]
[SourceVersion "1"]
[SourceVersionDate "1998.06.02"]
[SourceQuality "1"]

1. e4 {Gurevich,M} e6 2. d4 d5 3. Nc3 Bb4 4. e5 b6 5. a3 Bf8 6. Nf3 Qd7 7. Bb5
c6 8. Ba4 Ba6 9. Ne2 Bb5 10. Bb3 c5 (10... a5 $6 11. c3 a4 12. Bc2 c5 13. O-O
Nc6 14. Re1 Bxe2 15. Qxe2 cxd4 16. cxd4 $16 {Gallagher,J-Peric,S/Geneve op
1994 (37)}) 11. c3 Nc6 12. O-O Nge7 13. Re1 (13. Bc2 a5 $6 14. Re1 a4 15. Nf4
g6 16. h4 h5 17. Be3 c4 18. Ng5 $36 {[%cal Gg2g4] Polgar,S-Molnar,V/Rimavska
Sobota 1991 (23)}) 13... Bxe2 {TN} (13... Rc8 14. Ng3 cxd4 15. Nxd4 $5 (15.
cxd4 $14) 15... Nxd4 16. cxd4 Nc6 17. Nh5 Na5 18. Ba2 Qc6 $6 19. Qg4 $16 {
Nolan,G-Buchanan,W/ch-SCO, Aviemore 1997 (35)}) (13... h5 $6 14. Bg5 Bxe2 15.
Rxe2 Nf5 16. dxc5 $1 Bxc5 17. Ba4 a6 18. c4 $1 $16 {Oll,L-Epishin,V/URS-YM
Tbilisi 1989 (38)}) (13... Nf5 14. g4 $6 Nfe7 15. Ng3 c4 16. Bc2 Na5 17. Nh5 h6
18. Bf4 O-O-O $132 {Miljanic,B-Nikolic,Z/Vrnjacka Banja 1987/0-1 (57)}) (13...
O-O-O $5 14. Bc2 Ng6 15. Ng3 Kb7 16. h4 h6 17. h5 Nge7 18. Be3 (18. dxc5 bxc5
19. Be3 Nc8 $13) 18... c4 19. Nh4 $6 (19. a4 Ba6 20. Nh2 $14) 19... Rg8 $13 {
Chandler,M-Timman,J/Amsterdam 1987/1-0 (53)} 20. Qg4 {Gurevich,M} Na5 21. f4 f5
$132 {0-1 Nattkamper,S-Van Wedel,B/corr 1991 (34)}) 14. Rxe2 (14. Qxe2 {
Gurevich,M} cxd4 15. cxd4 Nf5 16. Be3 a6 $13) 14... c4 15. Bc2 b5 (15... h6 $5
16. Nd2 Na5 17. Nf1 g6 18. Ne3 Bg7 19. g3 O-O-O $13 {Lampen,T-Tolonen,L/Espoo
1996 (50)}) 16. Re3 (16. b3 $5 {Gurevich,M} cxb3 17. Bxb3 Na5 18. a4 $36) 16...
h6 $1 {Necessarily profilactics against Ng5.} (16... Nf5 $6 {Gurevich,M} 17.
Bxf5 exf5 18. a4 $1 b4 19. b3 Na5 20. e6 $1 $40) 17. Nd2 Nc8 (17... Nf5 {
Gurevich,M} 18. Rh3 Be7 19. Nf3 Bd8 20. g4 $36) 18. Qg4 $36 {The plans of both
sides are clear:white will try to create play on the kingside,while black will
search for the counterplay on the queenside,but white pieces are better placed
for forthcoming actions so his prospects are better.} Nb6 19. Rf3 Qe7 $6 (19...
a5 $5) (19... O-O-O {Gurevich,M} 20. Qf4 f5 21. exf6 gxf6 22. Qxf6 Be7 23. Qf7
$16) 20. a4 $1 {Using inaccuracy of black on previous move white opens a-file
for his pieces.} h5 (20... b4 21. a5 Nd7 22. Ba4 Rc8 23. Nf1 $14 {[%cal Gf1g3,
Gg3h5]}) (20... bxa4 {Gurevich,M} 21. Rxa4 Nxa4 (21... g6 $2 22. Rxf7 $1 Qxf7 (
22... Kxf7 23. Qxg6#) 23. Bxg6 $18) 22. Bxa4 Qd7 (22... Rc8 23. b3 $36) 23. Qf4
Rc8 24. b3 $40) 21. Qg3 bxa4 $5 22. h4 $1 {[%csl Rf7][%cal Gf3f4,Gd2f3,Gf3g5]}
Qd7 {[%cal Gc6e7,Ge7f5,Gg7g6]} 23. Rf4 {With idea Nd2-f3-g5} Ne7 24. Qf3 (24.
Nf3 $5 Nf5 25. Bxf5 exf5 26. e6 $1 (26. Bd2 O-O-O $15 {[%csl Rf4][%cal Gd8e8,
Gg7g6]}) 26... Qxe6 27. Bd2 $44 {[%cal Ga1e1]}) 24... Nc6 25. Qg3 Ne7 26. Qf3
Nc6 (26... Ng6 $6 27. Bxg6 fxg6 28. Qg3 Rh6 29. Nf1 $1 $16 {[%csl Rg6][%cal
Gf4f3]}) 27. Rxa4 $5 {Avoiding the repeation of the moves after 27.Qg3} g6 {
Deciding to take the other rook.Too dangerous was} (27... Nxa4 $6 28. Bxa4 Rc8
(28... Be7 $2 29. Nxc4 $1 $18) 29. b3 cxb3 30. Nxb3 (30. c4 $5) 30... Qc7 (
30... g6 {Gurevich,M} 31. Na5 Bh6 $13) 31. c4 $1 dxc4 32. Na5 $1 Qxa5 33. Bxc6+
Kd8 34. Rxf7 $18) 28. Ra1 Bh6 29. Rf6 Bg7 30. b3 $1 $44 (30. Rf4 {Gurevich,M}
Bh6 $11) 30... cxb3 $1 (30... Bxf6 $6 31. Qxf6 Rg8 32. bxc4 dxc4 (32... Nxc4
33. Nxc4 dxc4 34. Ba4 Rc8 35. Ba3 $16) 33. Ne4 Nd5 34. Qf3 $16) 31. Nxb3 Bxf6
32. Nc5 $5 (32. Qxf6 $5 $44 {Gurevich,M} Rg8 33. Bg5 $44 (33. Ba3 Qd8 34. Qf4
g5 $132)) 32... Qd8 33. exf6 Nd7 {[#]} (33... Qd6 $5 34. Bf4 (34. Ba3 $6 Nc4)
34... e5 35. Re1 $1 O-O-O $1 (35... O-O 36. Bxe5 Nxe5 37. Rxe5 Rae8 38. Bxg6 $1
$16) 36. Qh3+ Nd7 $8 37. Bxe5 Ncxe5 38. Rxe5 Kb8 39. Nxd7+ Rxd7 40. Bb3 $14)
34. Nxe6 $1 (34. Ba4 {Gurevich,M} Rc8 35. Bxc6 Rxc6 36. Rxa7 Nxc5 37. Re7+ Kf8
38. Ba3 $1 Ra6 39. Bxc5 Kg8 $13) 34... fxe6 35. Bxg6+ Kf8 36. Ba3+ Kg8 37. Qg3
Qxf6 38. Re1 {Increasing the pressure.Deserved attention} (38. Be8+ $5 Qg7 (
38... Kh7 $5 39. Bxd7 Nd8 40. Bd6 Rg8 41. Qd3+ Qg6 42. Qf3 Qg4 43. Qd3+ Qg6 44.
Qf1 $14) 39. Bxd7 Qxg3 (39... Nd8 {Gurevich,M} 40. Qxg7+ Kxg7 41. Bd6 Rh7 $13)
40. Bxe6+ Kg7 41. fxg3 Rad8 42. Bc5 $14) 38... Qg7 $2 (38... Nf8 $1 39. Be8+
Qg7 40. Qxg7+ Kxg7 41. Bxc6 Rc8 42. Bxf8+ (42. Bb5 {Gurevich,M} Rxc3 43. Bc5 a5
44. Ra1 Ng6 45. Rxa5 Nxh4 $15) 42... Rhxf8 43. Rxe6 $11 (43. Rxe6 Rf6 44. Bxd5
(44. Re7+ Kf8 $17) 44... Rxe6 45. Bxe6 Rxc3 $17)) 39. Rxe6 Rc8 40. Qd6 $1 $18
Rh6 $8 (40... Nb6 $2 41. Bd3 $1 $18 (41. Qxc6 {Gurevich,M} Rxc6 42. Re8+ Qf8
43. Rxf8+ Kg7 $13)) (40... Nf8 {Gurevich,M} 41. Qxd5 Nxg6 (41... Nxe6 42. Qxe6+
$18) (41... Qd7 42. Rd6+ $18) 42. Rxg6+ Kh7 43. Qxh5+ $18) 41. Bc1 Kh8 (41...
Nf8 {Gurevich,M} 42. Bxh6 Qxh6 43. Bf7+ $18) 42. Bxh6 Qxh6 43. Be8 $2 ({
Step in the wrong direction after fantasticaly played previous part of the
game.Simple} 43. Bf5 $1 Qc1+ 44. Kh2 Nce5 45. Rh6+ Kg8 (45... Kg7 46. Qe7+ $1
Kxh6 47. Qh7#) 46. Qe6+ Nf7 $8 (46... Kf8 47. Rh8+ Kg7 48. Rh7+ Kf8 49. Qe7+
Kg8 50. Qg7#) 47. Rg6+ (47. Rh7 $2 Qf4+ 48. Kh3 Rxc3+ 49. g3 Rxg3+ 50. fxg3
Qf1+ $11) 47... Kf8 48. Qxd7 Qf4+ 49. Rg3 Rxc3 50. Qxd5 Qxh4+ 51. Bh3 $18 {
would give white exellent wining chanses.}) (43. Qxd7 {Gurevich,M} Qc1+ 44. Kh2
Qf4+ $11) (43. Bd3 {Gurevich,M} Qc1+ 44. Kh2 Nf8 (44... Nce5 45. dxe5 Qf4+ 46.
Kg1 Qc1+ 47. Bf1 $18) 45. Rh6+ Kg8 46. Qf6 $18) 43... Qc1+ 44. Kh2 Nce5 $3 $11
45. Rh6+ (45. dxe5 Qf4+ 46. g3 (46. Kh3 $2 Rxc3+ 47. g3 Qf5+ 48. Kg2 Qf3+ $19)
46... Qxf2+ 47. Kh3 Qf1+ $11) 45... Kg8 (45... Kg7) 46. Rg6+ (46. Qxd5+ Kg7 47.
Rg6+ Nxg6 48. Qxd7+ Kh6 49. Qxc8 Qf4+ $11) 46... Kh8 $1 47. dxe5 (47. Rg5 {
Gurevich,M} Ng4+ (47... Qf4+ 48. Kh3 Rxc3+ 49. g3 Qf6 50. dxe5 $18) (47... Rxe8
48. Qh6#) 48. Rxg4 hxg4 49. Bxd7 $18) 47... Qf4+ 48. Rg3 (48. Kh3 {Gurevich,M}
Qf5+ (48... Rxc3+ 49. f3 Qf5+ 50. Kg3) 49. Kg3 Rxe8 50. Rg5 Rg8 51. Qh6+ Qh7
$13) 48... Nxe5 49. Kh3 (49. Bxh5 {Gurevich,M} Nf3+ $19) 49... Qf5+ (49... Rxe8
$6 50. Rg5 $1 Kh7 51. Rxh5+ Kg7 52. Rg5+ Kf7 53. Qh6 $18) (49... Rc4 $2 {
Gurevich,M} 50. Qd8 $1 Qf5+ 51. Kh2 $16) (49... Nd3 {Gurevich,M} 50. Qg6 Nxf2+
51. Kh2 Ng4+ 52. Kh3 Nf2+ $11) 50. Kh2 Qf4 $1 (50... Ng4+ {Gurevich,M} 51. Rxg4
$18) 51. Kh3 Qf5+ 52. Kh2 1/2-1/2

[Event "FIDE-Wch k.o."]
[Site "Groningen"]
[Date "1997.12.10"]
[Round "1.3"]
[White "Sulskis, Sarunas"]
[Black "Hjartarson, Johann"]
[Result "1/2-1/2"]
[WhiteElo "2510"]
[BlackElo "2605"]
[Annotator "Finkel,A"]
[PlyCount "140"]
[EventDate "1997.12.09"]
[EventType "k.o."]
[EventRounds "7"]
[EventCountry "NED"]
[SourceTitle "CBM 063"]
[Source "ChessBase"]
[SourceDate "1998.03.26"]
[SourceVersion "1"]
[SourceVersionDate "1998.03.26"]
[SourceQuality "1"]

{Finkel,A} {Oratovsky,M} 1. e4 e6 2. d4 d5 3. e5 Bb4+ 4. Nc3 b6 5. Qg4 Bf8 6.
Bg5 Qd7 7. Bb5 Nc6 (7... c6 8. Be2 Ba6 9. Nf3 $5 (9. f4 $6 Ne7 10. Bxa6 Nxa6
11. Qe2 Nc7 12. Nf3 Ng6 13. Nh4 Be7 14. Nxg6 hxg6 15. Bxe7 Qxe7 $11 {Moreno,
J-Panno,O/Open, Buenos Aires ARG 1997 (18)}) 9... Ne7 10. a4 Nf5 11. O-O Bxe2
12. Nxe2 c5 13. c3 Nc6 14. Qh3 $1 $36 {Cseshkovsky,V-Erendzhenov,S/RUS-ch
Elista (09) ,CBM 50 1995 (22)}) 8. Nf3 (8. Nce2 Bb7 (8... a6 9. Ba4 b5 10. Bb3
f6 11. exf6 Nxf6 12. Qh4 Ne7 $5 {Meulders kommentiert deutsch. Eine
interessante Idee: statt sich nach etwa 12...Be7 mit einer etwas schlechteren
Stellung zufrieden zu geben, investiert Timman einen Bauern.} (12... Be7 $14)
13. Bxf6 Ng6 14. Qg5 gxf6 15. Qxf6 Bh6 $1 {Verhindert 0-0-0 und droht
Damengewinn mittels ...Rf8.} (15... Bg7 16. Qg5 $16) 16. Qf3 Qg7 17. Qg3 $6 (
17. c3 $5 Bb7 18. Bc2 O-O-O 19. Qg4 Qf6 20. Nf3 Rhg8 21. Qh5 $1 $14) 17... Bb7
18. Nf3 O-O-O $36 {Shirov,A-Timman,J/Koop Tjuchem Groningen 1996 (39)}) 9. c3
a6 10. Bd3 (10. Ba4 $5 $14) 10... f6 11. exf6 gxf6 12. Bh4 O-O-O 13. O-O-O Kb8
14. Nf4 Bc8 15. Kb1 e5 $13 {McGettigan,A-Bronstein,D/London Lloyds 1992 (51)})
8... h6 (8... a6 9. Be2 (9. Ba4 Bb7 10. O-O h6 11. Qh3 $5 Nge7 12. Ne2 Rg8 13.
Bd2 O-O-O 14. Rae1 Kb8 $5 $13 {Topalov,V-Hamdouchi,H/Biel izt 1993 (40)}) 9...
Nb4 $5 10. Rc1 c5 11. dxc5 bxc5 12. O-O Ne7 13. Rfd1 Nf5 14. Bf1 h6 15. Bd2 $36
{Milos,G-Panno,O/Buenos Aires 1992/1-0 (52)}) 9. Bd2 $5 (9. Be3 $5 Nge7 10. O-O
Bb7 11. Qh5 a6 12. Be2 Nf5 13. g4 $1 $14 {Sax,G-Hodgson,J/Bruxelles 1985 (17)})
9... Bb7 10. O-O a6 11. Ba4 Nge7 12. Ne2 g6 {Serious alternative was} (12...
O-O-O $5 13. c3 f5 $6 14. exf6 $1 (14. Qg3 {[%cal Gh2h4,Gh4h5]} g5 15. h4 f4 (
15... g4 16. Ne1 {[%cal Ge1d3,Ge2f4]} Kb8 17. Nd3 a5 {[%cal Gb7a6]} 18. Bb5 Qc8
19. Ndf4 Na7 20. Bd3 $14 {[%csl Re6]} Ba6 21. Bxa6 Qxa6 22. c4 $5 (22. Nxe6 $6
Qxe2 23. Nxd8 Qxd2 $132) (22. b3 $5 $14 {[%cal Gc3c4]}) 22... Qxc4 23. Qc3 Qxc3
24. bxc3 $16 {[%csl Re6]}) 16. Qg4 Nf5 (16... Rg8 17. hxg5 hxg5 18. Nxg5 Bh6
19. Bxf4 Nf5 (19... Rdf8 20. Bd2 $16 {[%cal Gf2f4]}) 20. Bd2 Qe7 21. f4 $16)
17. hxg5 hxg5 18. Nxg5 (18. Qxg5 $4 Qh7 $1 $19) 18... Rh4 19. Qf3 Be7 20. Nh3
$16) 14... gxf6 15. Nf4 e5 (15... b5 16. Bc2 e5 17. Qxd7+ Rxd7 18. Ne6 e4 19.
Nh4 $16 {[%csl Rf6,Rh6][%cal Gf2f3]}) (15... Nf5 16. Rae1 $1 Re8 {[%tqu "En",
"","","","g4g6","",5,"f4e6","",0]} 17. Qg6 $1 (17. Nxe6 $6 Ng7 18. Nxg7 Qxg4
$15) 17... Bg7 18. Nxe6 Rxe6 19. Qxf5 $16) 16. Qxd7+ Rxd7 17. dxe5 fxe5 18.
Bxc6 Nxc6 19. Ng6 Rg8 20. Ngxe5 Nxe5 21. Nxe5 d4 22. g3 Rd8 23. cxd4 Rxd4 24.
Bc3 $16) 13. c3 $14 Nf5 14. h4 h5 15. Qf4 Bh6 16. Ng5 $1 (16. Qh2 $5 Bxd2 (
16... Bg7 17. Bg5 $16) 17. Nxd2 O-O-O 18. Nf3 Qe7 19. Qf4 $14 {[%cal Ge2g3]})
16... O-O-O 17. Rfe1 (17. Ng3 $5) 17... Kb8 18. Ng3 $1 {Inviting black to open
f-file.} Qe7 (18... Nxg3 19. fxg3 $1 $16 {[%csl Rf7][%cal Ge1f1]}) 19. Nxf5 $1
gxf5 (19... exf5 {[%cal Gd8c8,Gc6d8,Gd8e6]} 20. Qg3 Rc8 21. e6 f6 $8 22. Nf3
Bxd2 23. Nxd2 Rhg8 24. Re2 $16 {[%cal Ga1e1]}) 20. g3 Na7 21. Rad1 (21. Bc2 $5
a5 22. Bd3 $16 {[%csl Rb7]}) 21... a5 22. Qf3 $1 $16 {[%csl Rh5][%cal Gf3h5]
White's play till one moment is simply perfect!} Rdg8 (22... Bg7 $6 23. Nh3 $1
$16) 23. Qxh5 Rg6 (23... Bxg5 $2 24. Bxg5 Rxh5 25. Bxe7 f4 26. Bg5 $18) 24. Qf3
c5 25. Bf4 Ka8 26. Bc2 (26. Qe2 $5 {[%csl Rb7]}) 26... Nc6 27. a3 Rc8 28. Bb1
$6 {Losing a control for a while.Very promising possibility was} (28. Bd3 $16 {
[%csl Rb7][%cal Gf3e3,Gg1g2,Ge1h1]} cxd4 29. cxd4 Nxd4 $6 30. Qe3 Nc2 31. Bxc2
Rxc2 32. Qxb6 $18) 28... Ba6 29. Kg2 Bc4 30. Qe3 $6 Bb3 31. Rd2 a4 32. Bd3 Na5
33. Qf3 {Admitting mistake!} Ka7 34. Rh1 cxd4 35. cxd4 Nc4 36. Re2 Rh8 37. Bc2
$1 {Good positional decision.} Na5 (37... Bxc2 38. Rxc2 Qd7 39. Nh3 {[%cal
Gf4g5,Gh3f4]} Bxf4 40. Nxf4 Rg4 41. b3 $16) 38. Bxb3 Nxb3 39. Qd3 Rc8 40. Rc2
Rxc2 41. Qxc2 Kb7 42. Rd1 {[%cal Gd1d3,Gd3c3]} Rg8 43. Rd3 Rc8 44. Qd1 $1 {
[%cal Gg5f7]} (44. Rc3 $5 Rxc3 45. Qxc3 $16 {[%cal Gg5h3,Rg5f7]}) 44... f6 45.
exf6 $1 (45. Nxe6 $6 Qxe6 46. Bxh6 fxe5 47. Bg5 (47. Bg7 e4 48. Re3 f4 49. gxf4
Qe7 $132) 47... exd4 48. h5 $16) (45. Nf7 $5 Qxf7 46. Bxh6 fxe5 47. dxe5 $16)
45... Qxf6 46. Re3 $1 Rc6 (46... Bxg5 47. Bxg5 Qxd4 48. Qxd4 Nxd4 49. Bf6 $16 {
[%csl Re6]}) 47. Re5 Qg6 {[%csl Rd4][%cal Gh6g7]} 48. Re2 Bxg5 (48... Bg7 49.
Be5 $16) 49. Bxg5 Rc4 50. Be3 f4 $1 {Hoping to find some chanses aginst white
king.} 51. Bxf4 Nxd4 52. Re5 Nf5 53. h5 Qg7 54. Rxe6 $1 $18 {Not being afraid
of the ghosts.} Rxf4 55. Qxd5+ Ka7 56. Rg6 $1 Rxf2+ $8 57. Kxf2 Qxb2+ 58. Kf3 (
58. Kg1 Qb1+ 59. Kh2 Qc2+ 60. Kh3 Qc8 61. Rc6 $18) 58... Qb3+ 59. Ke4 $4 {
Spoiling such a nice game in one move!After} (59. Qxb3 Nd4+ (59... axb3 60. Rg4
$18 {[%cal Gg4b4]}) 60. Ke4 axb3 61. Rf6 b2 62. Rf1 $18 {black can resign.})
59... Nxg3+ 60. Rxg3 $6 (60. Ke5 Nxh5 (60... Qxd5+ 61. Kxd5 Nxh5 62. Ke5 $18 {
[%csl Rh5][%cal Gg6g5]}) 61. Qc6 $40 (61. Qxb3 axb3 62. Rg2 Kb7 63. Rb2 Ng7 64.
Rxb3 Ne8 $16)) 60... Qxg3 61. Qd7+ Kb8 62. Qe8+ Kb7 63. Qe7+ Ka6 $11 64. Kf5
Qf3+ 65. Kg6 Qd3+ 66. Kg7 Qc3+ 67. Kf7 Qf3+ 68. Kg6 Qd3+ 69. Kh6 Qd2+ 70. Kg7
Qc3+ 1/2-1/2

[Event "CRO-ch 6th"]
[Site "Pula"]
[Date "1998.01.15"]
[Round "7"]
[White "Fercec, Nenad"]
[Black "Levacic, Patrick"]
[Result "1-0"]
[WhiteElo "2455"]
[BlackElo "2365"]
[Annotator "Finkel,A"]
[PlyCount "61"]
[EventDate "1998.01.09"]
[EventType "tourn"]
[EventRounds "13"]
[EventCountry "CRO"]
[EventCategory "9"]
[SourceTitle "CBM 064"]
[Source "ChessBase"]
[SourceDate "1998.06.02"]
[SourceVersion "1"]
[SourceVersionDate "1998.06.02"]
[SourceQuality "1"]

1. e4 e6 2. d4 d5 3. Nc3 Bb4 4. e5 Ne7 5. a3 Bxc3+ 6. bxc3 b6 7. Nh3 {/\
Nf4-h5+/-} (7. Qg4 $5 Ng6 8. h4 h5 9. Qd1 $1 Ba6 10. Bxa6 Nxa6 11. Bg5 $36 {
Khalifman,A-Ehlvest,J/EST/1994/ (23)}) 7... Ng6 (7... Ba6 $6 8. Bxa6 Nxa6 9.
Nf4 Ng6 10. Nh5 $1 $16 {ECO,Suetin}) 8. a4 (8. Nf4) (8. Bd3 Ba6 9. Bxa6 Nxa6
10. O-O Nb8 11. a4 Nc6 12. Qd3 Qd7 {1/2-1/2 Gomez Baillo,J-Soppe,G/Salta ARG
ch 1987}) 8... c5 (8... Ba6 $6 9. Bxa6 Nxa6 10. O-O (10. Nf4 Nxf4 11. Bxf4 Nb8
12. Qg4 Rg8 13. h4 Nc6 14. h5 Na5 15. Rh3 Kd7 16. Kf1 {1/2-1/2 Spassky,
B-Vaganian,R/Baden 1980}) 10... Nb8 11. f4 (11. Qg4 $6 Nc6 12. Bg5 $2 (12. Nf4
Nxf4 13. Bxf4 Rg8 14. Bg5 Qd7 15. f4 $6 f5 $1 16. Qh5+ g6 $15 {Karpov,
A-Seirawan,Y/Mar del Plata/1982/0,5/81/ (36)}) (12. f4 h5 13. Qf3 Nge7) 12...
Qd7 13. Nf4 Nxf4 14. Bxf4 Rg8 15. Qh5 h6 $15 {Vouldis,A-Nenashev,A/Karditsa
1996 (41)}) 11... Qd7 (11... Ne7 12. g4 $1 g6 (12... h5 13. f5 $1 hxg4 14. fxe6
gxh3 15. Rxf7 $1 {/\ Qg4, Bg5+-}) 13. f5 $1 gxf5 14. Bg5 Rg8 15. Kh1 $1 fxg4
16. Qxg4 h6 (16... Qd7 17. Qh5 Ng6 18. Rf3 {/\ Raf1+-}) 17. Bxe7 Rxg4 18. Bxd8
Kxd8 19. Rxf7 $16 {Nunn,J}) 12. f5 $1 $36 exf5 13. Qh5 Nf8 $8 14. g4 g6 15. Qh6
Rg8 $1 16. Ba3 Nc6 17. Bxf8 Rxf8 18. gxf5 $16 {Nunn,J-Hansen,L/Lugano 1989 (37)
}) 9. a5 (9. Bb5+ Bd7 10. Bd3 Nc6 $10) 9... Ba6 10. axb6 (10. Bxa6 Nxa6 11. O-O
$14) 10... Qxb6 11. Bxa6 (11. dxc5 Qc6 12. Bxa6 Nxa6 13. O-O Nxc5 14. Be3 Ne4
$15) 11... Nxa6 12. O-O O-O 13. Qg4 $6 (13. Qe2 Nb8 14. Ba3 Nd7 15. c4) 13...
Rac8 14. Ng5 cxd4 15. Ba3 Rfd8 16. cxd4 h6 17. Nf3 Rxc2 18. h4 Rd7 19. h5 Ne7
20. Rfb1 Qc6 21. Nh4 Qc4 22. Bc1 Kh7 23. Be3 Rc7 24. Kh2 Nc5 $2 {Painfull
blunder which turns black's position into ruins.After correct} (24... Nb4 $1 {
black's advantage is huge.}) 25. Rb8 Nd7 26. Re8 Nxe5 (26... Ng8 $2 27. Bxh6 $1
$18) (26... Nc6 $2 27. Qg6+ $3 fxg6 28. hxg6#) (26... Nb6 27. Bxh6 $1 gxh6 28.
Ra3 $1 (28. Rf8 $2 Rxf2) 28... Rc3 29. Rf8 $1 $18) 27. Qf4 N7c6 28. Qg3 $1 $18
{[%csl Rh7][%cal Gg3c7,Gg3g6,Gg3h4]} (28. dxe5 $6 Qxf4+ 29. Bxf4 Rxf2 30. Nf3
Rb2 $1 $14) 28... Nxd4 29. Qxe5 Nc6 (29... Ne2 30. Ng6 $1 fxg6 31. hxg6+ Kxg6
32. Rxe6+ Kh7 33. Qf5+ Kg8 34. Re8#) 30. Qg3 Ne5 (30... Ne7 31. Bf4 Rb7 32. Be5
f6 33. Qg6+ $1 Nxg6 34. hxg6#) 31. Bf4 1-0